[Event "LSS No Engine Cup 19 Preliminary 5"]
[Site "LSS email"]
[Date "2010.03.22"]
[Round "?"]
[White "Jacconsultoria, Jose Augusto Correa"]
[Black "Schnoewitz, Brigitte"]
[Result "1-0"]
[WhiteElo "1106"]
[BlackElo "1104"]
[PlyCount "71"]
[EventDate "2010.03.23"]
[EventType "tourn (corr)"]
[EventRounds "6"]
[EventCountry "GER"]
[SourceTitle "Corr 2013"]
[Source "ChessBase"]
[SourceDate "2012.11.12"]
[SourceVersion "1"]
[SourceVersionDate "2012.11.12"]
[SourceQuality "1"]

1. c4 c5 2. Nf3 Nc6 3. g3 Nf6 4. Nc3 e6 5. Bg2 Be7 6. 0-0 0-0 7. d4 cxd4 8. Nxd4 d6 9. Nxc6 bxc6 10. Bxc6 Rb8 11. b3 Bb7 12. Bxb7 Rxb7 13. Bb2 Qa5 14. e4 Rd8 15. Qf3 Rc7 16. Rfd1 Rc5 17. Rd3 Rg5 18. h4 Rg4 19. Rad1 Qh5 20. Kh2 Ne8 21. Kh3 f5 22. exf5 exf5 23. Kg2 Qg6 24. Kf1 Nf6 25. Nd5 Nxd5 26. Rxd5 Bxh4 27. gxh4 Rg1+ 28. Ke2 Re8+ 29. Kd2 Rxd1+ 30. Qxd1 Qh6+ 31. Kc2 Qxh4 32. Qf3 Qh2 33. Rxf5 Qh4 34. Qd5+ Kh8 35. Bxg7+ Kxg7 36. Qf7+ 1-0

[Event "LSS RN-2010-0-00263"]
[Site "LSS email"]
[Date "2010.02.19"]
[Round "?"]
[White "Jacconsultoria, Jose Augusto Correa"]
[Black "Venturas, Bob"]
[Result "1-0"]
[WhiteElo "800"]
[BlackElo "555"]
[PlyCount "53"]
[EventDate "2010.02.10"]
[EventType "tourn (corr)"]
[EventRounds "6"]
[EventCountry "GER"]
[SourceTitle "Corr 2013"]
[Source "ChessBase"]
[SourceDate "2012.11.12"]
[SourceVersion "1"]
[SourceVersionDate "2012.11.12"]
[SourceQuality "1"]

1. c4 e5 2. Nc3 Nf6 3. g3 Bc5 4. Bg2 c6 5. e3 0-0 6. Nge2 d6 7. 0-0 Be6 8. d4 exd4 9. exd4 Bb6 10. d5 cxd5 11. Nxd5 Ng4 12. Nxb6 Qxb6 13. b3 Nd7 14. Nf4 Rad8 15. Nxe6 fxe6 16. Qxg4 Rf6 17. Be3 Qa5 18. Be4 Ne5 19. Qh4 Nf3+ 20. Bxf3 Rxf3 21. Rad1 Qe5 22. Qxd8+ Rf8 23. Qxd6 Qe4 24. Qd4 Qf3 25. Qd7 a6 26. Qxe6+ Qf7 27. Qxf7+ 1-0

[Event "LSS RN-2010-0-00263"]
[Site "LSS email"]
[Date "2010.02.19"]
[Round "?"]
[White "Jacconsultoria, Jose Augusto Correa"]
[Black "Vontina, Maria"]
[Result "1-0"]
[WhiteElo "800"]
[BlackElo "580"]
[PlyCount "71"]
[EventDate "2010.02.10"]
[EventType "tourn (corr)"]
[EventRounds "6"]
[EventCountry "GER"]
[SourceTitle "Corr 2013"]
[Source "ChessBase"]
[SourceDate "2012.11.12"]
[SourceVersion "1"]
[SourceVersionDate "2012.11.12"]
[SourceQuality "1"]

1. c4 Nf6 2. Nc3 e6 3. g3 Be7 4. Bg2 0-0 5. Nf3 Nc6 6. 0-0 b6 7. d4 Bb7 8. e4 d6 9. Re1 h6 10. h3 Rc8 11. Be3 Re8 12. Qd2 a6 13. d5 exd5 14. exd5 Nb8 15. Nd4 Nbd7 16. Nf5 Ne5 17. b3 Ra8 18. Ne4 Bc8 19. Nd4 Nxe4 20. Bxe4 Bd7 21. f4 Ng6 22. g4 Nf8 23. Rf1 Bh4 24. Bc2 Qe7 25. Bf2 Bxf2+ 26. Rxf2 Qh4 27. Kg2 Re7 28. Bf5 Rae8 29. Bxd7 Rxd7 30. Nc6 Ng6 31. Re1 Rxe1 32. Qxe1 Qf6 33. Qe8+ Nf8 34. Re2 a5 35. Ne7+ Kh7 36. Qxf8 1-0